Ακούγοντας (σ)το σπίτι μας : μια μελέτη για το ηχοτοπίο της κατοικίας και της γειτονιάς : πτυχιακή εργασία

Αποθηκεύτηκε σε:
Λεπτομέρειες βιβλιογραφικής εγγραφής
Κύριος συγγραφέας: Παπαδοπούλου, Ιωάννα
Συγγραφή απο Οργανισμό/Αρχή: Πανεπιστήμιο Αιγαίου. Σχολή Κοινωνικών Επιστημών. Τμήμα Πολιτισμικής Τεχνολογίας και Επικοινωνίας
Μορφή: Thesis Βιβλίο
Γλώσσα:Greek
Δημοσίευση: 2007.
Θέματα:
Διαθέσιμο Online:http://hdl.handle.net/11610/10637
Ετικέτες: Προσθήκη ετικέτας
Δεν υπάρχουν, Καταχωρήστε ετικέτα πρώτοι!

MARC

LEADER 00000cam a2200000 i 4500
001 1/1048
008 090825s2007 gr | ||| |||| ||gre||
035 |l 10105455 
040 |a GR-MyUa  |b gre  |e AACR2 
041 0 |a gre 
082 7 |a 306.4   |2 (22) 
100 1 |a Παπαδοπούλου, Ιωάννα. 
245 1 0 |a Ακούγοντας (σ)το σπίτι μας :   |b μια μελέτη για το ηχοτοπίο της κατοικίας και της γειτονιάς : πτυχιακή εργασία /   |c Παπαδοπούλου Ιωάννα ; επιβλέπων καθηγητής: Μπαμπούρης Νίκος. 
260 |c 2007. 
300 |a 83 σ. ;   |c 30 εκ. 
502 |a Πτυχιακή εργασία – Πανεπιστήμιο Αιγαίου, Λέσβος, 2007. 
504 |a Βιβλιογραφία: σ. 77-79. 
650 0 0 |a Sound  |x Psychological aspects. 
650 0 0 |a Sound  |x Social aspects. 
650 0 0 |a Noise  |x Social aspects. 
650 0 0 |a City and town life. 
650 0 0 |a Auditory perception. 
650 0 0 |a City noise. 
650 0 0 |a Dissertations, Academic  |z Greece. 
700 1 |a Μπουμπάρης, Νίκος,  |e dgs 
710 2 |a Πανεπιστήμιο Αιγαίου.   |b Σχολή Κοινωνικών Επιστημών.   |b Τμήμα Πολιτισμικής Τεχνολογίας και Επικοινωνίας. 
852 |a INST  |b LESVOS  |c DIATR  |e 20090825  |h 205  |p 005100045100  |q 005100045100  |t DIE  |y 23 
852 |a INST  |b LESVOS  |c DIATR  |e 20090825  |h 206  |p 005100045101  |q 005100045101  |t DIE  |y 23 
856 |u http://hdl.handle.net/11610/10637 
901 |a BIBL1-2009-2 
924 |a Παπαδοπούλου  |b Ιωάννα  |y Λέσβος  |z 2007-09 
970 |a ΤΖΑΦΕΡΗ  |b ΕΥΑΓΓΕΛΙΑ  |z 2009/08/25